The Nebraska Indian Wars reader, 1865-1877 /

Bibliographic Details
Other Authors: Paul, R. Eli, 1954-
Format: Book
Language:English
Published: Lincoln : University of Nebraska Press, [1998]
Subjects:

MARC

Tag First Indicator Second Indicator Subfields
LEADER 00000cam a2200000 a 4500
001 in00001406730
005 20151020072904.0
008 971020s1998 nbuabf b s001 0 eng
010 |a  97032942  
020 |a 0803287496 
035 |a (OCoLC)37864623 
035 |9 AHQ3685AM 
040 |a DLC  |c DLC  |d TXA  |d UtOrBLW 
043 |a n-us-nb 
049 |a TXAM 
050 0 0 |a E78.N3  |b N44 1998 
082 0 0 |a 978.2/00497  |2 21 
245 0 4 |a The Nebraska Indian Wars reader, 1865-1877 /  |c edited by R. Eli Paul. 
264 1 |a Lincoln :  |b University of Nebraska Press,  |c [1998] 
264 4 |c ©1998 
300 |a xii, 245 pages, 38 unnumbered pages of plates :  |b illustrations, maps ;  |c 23 cm. 
336 |a text  |b txt  |2 rdacontent 
337 |a unmediated  |b n  |2 rdamedia 
338 |a volume  |b nc  |2 rdacarrier 
504 |a Includes bibliographical references (pages 231-234) and index. 
650 0 |a Indians of North America  |z Nebraska. 
650 0 |a Indians of North America  |x Wars  |y 1866-1895. 
700 1 |a Paul, R. Eli,  |d 1954- 
948 |a c:dm 
999 |a MARS 
999 f f |s 041bf66a-19ee-33ca-b3be-935b1705714f  |i be7bd0b6-a4ed-3f02-a211-e0cfb8632d33  |t 0 
952 f f |p ric  |a Texas A&M University  |b Rellis Campus  |c Joint Library Facility  |d Remote Storage  |t 0  |e E78.N3 N44 1998  |h Library of Congress classification  |i unmediated -- volume  |m A14823326503 
998 f f |a E78.N3 N44 1998  |t 0  |l Remote Storage